banner koha

Germinação e desenvolvimento inicial de Campomanesia pubescens (DC.) O. Berg (Myrtaceae) em diferentes substratos (Registro n. 86810)

MARC details
000 -LÍDER
fixed length control field 03834nab a2200289 i 4500
003 - CÓDIGO MARC DA AGÊNCIA CATALOGADORA
Campo de controle BR-BrBNA
005 - DATA E HORA DA ÚLTIMA ATUALIZAÇÃO
Campo de controle 20231127095719.0
008 - CAMPO DE TAMANHO FIXO
fixed length control field 231127b2017 bl.qr|pooa||| 00| 0 por |
040 ## - FONTE DA CATALOGAÇÃO
Agência catalogadora BR-BrBNA
Idioma da catalogação por
072 ## - CATEGORIA AGRIS
Código AGRIS F02
072 ## - CATEGORIA AGRIS
Código AGRIS F04
100 ## - ENTRADA PRINCIPAL - NOME PESSOAL
Nome pessoal Periotto, Fernando
100 ## - ENTRADA PRINCIPAL - NOME PESSOAL
Nome pessoal Gualtieri, Sonia Cristina Juliano
245 ## - TÍTULO PRINCIPAL
Título principal Germinação e desenvolvimento inicial de Campomanesia pubescens (DC.) O. Berg (Myrtaceae) em diferentes substratos
500 ## - NOTA GERAL
Nota geral Publicação on-line; 20 ref.; 7 illus.; Summaries (En, Pt)
942 ## - ADDED ENTRY ELEMENTS (KOHA)
Koha item type
520 ## - NOTA DE RESUMO
Nota de conteúdo <br/><br/>RESUMO<br/>Campomanesia pubescens (DC.) O. Berg. é uma espécie arbustiva da família Myrtaceae, típica de<br/>Cerrado. A pesquisa teve como objetivo estudar o desempenho de quatro diferentes substratos em seu<br/>desenvolvimento inicial. Desse modo, foram efetuadas a avaliação de emergência das plântulas, a análise de<br/>crescimento e a mensuração da massa da matéria seca das mudas. As sementes foram semeadas em células<br/>de poliestireno contendo quatro tipos de substratos: vermiculita, fibra de coco, areia fina e mistura fibra de<br/>coco/ vermiculita (2:1). As contagens das plântulas emergidas foram realizadas diariamente. As análises<br/>estatísticas foram feitas com o auxílio do software Action, através do teste de Tukey. Testou-se ainda a<br/>normalidade e homocedasticidade dos dados. O substrato fibra de coco/vermiculita (2:1) propiciou melhores<br/>resultados nas avaliações de emergência. A incorporação de matéria seca foi prejudicada pelos substratos<br/>fibra de coco e areia. Na análise de crescimento, fibra de coco/vermiculita (2:1) permitiu desenvolvimento<br/>de plântulas maiores e mais vigorosas. Conclui-se que dentre os substratos testados, o mais adequado para a<br/>emergência de sementes, bem como para o desenvolvimento inicial de mudas de Campomanesia pubescens<br/>é o composto por fibra de coco/vermiculita (2:1).<br/><br/>Palavras-chave: mudas; propagação; gabiroba; Cerrado.
520 ## - NOTA DE RESUMO
Nota de conteúdo <br/><br/>ABSTRACT<br/>Campomanesia pubescens (DC.) O. Berg. is a shrubby species of Myrtaceae family typical of Cerrado.<br/>The research aimed to study the performance of four different substrates in its early development. Thus<br/>were performed to evaluate seedling emergence, growth analysis and the mass of the measurement of the<br/>dry mass. Seeds were sown in polystyrene cell containing four substrates: vermiculite, coconut fiber, sand<br/>and mixing coconut fiber / vermiculite (2: 1). The emerged seedlings were performed daily. Statistical<br/>analyzes were performed with the aid of software Action by the Tukey test. It is also tested for normality<br/>and homoscedasticity of the data. The substrate coconut fiber / vermiculite (2: 1) gave better results in<br/>emergency assessments. The incorporation of dry matter was hampered by substrates coconut fiber and<br/>sand. In the growth analysis, coconut fiber / vermiculite (2: 1) allowed the development of larger and more<br/>vigorous plants. It is concluded that among the tested substrates, the most suitable seed emergence, and to<br/>early development of Campomanesia pubescens plants is composed of coconut fiber / vermiculite (2: 1).<br/><br/>Keywords: seedlings; propagation; gabiroba; Cerrado.
650 ## - ASSUNTO - THESAGRO
Cabeçalho tópico ou nome geográfico MUDA
650 ## - ASSUNTO - THESAGRO
Cabeçalho tópico ou nome geográfico PROPAGAÇÃO VEGETATIVA
650 ## - ASSUNTO - THESAGRO
Cabeçalho tópico ou nome geográfico CERRADO
650 ## - ASSUNTO - THESAGRO
Cabeçalho tópico ou nome geográfico GUABIROBA
650 ## - ASSUNTO - THESAGRO
Cabeçalho tópico ou nome geográfico SUBSTRATO DE CULTURA
773 0# - ENTRADA ANALÍTICA
Host Biblionumber 4065
Registro do item 102230
Imprenta Santa Maria-RS Universidade Federal de Santa Maria - Centro de Pesquisas Florestais.Departamento de Ciências Florestais. Programa de Pós-Graduação em Engenharia Florestal 1991
Outro identificador 2023-436645
Título Ciência Florestal (Brazil)
ISSN 0103-9954; 1980-5098 (on-line)
Colação v. 27(3) p. 743-752; (Jul-Sep 2017)
Número de controle de registro BR2023001330
856 ## - ACESSO E ENDEREÇO ELETRÔNICO
Identificador uniforme de recurso - URI https://www.scielo.br/j/cflo/a/h79G4PqvVMyzvGMr9FWvYNC/?format=pdf&lang=pt

Nenhum exemplar disponível.

BINAGRI

Telefone: (61)3218-2567/2388/3357/2097 - binagri@agro.gov.br

Ministério da Agricultura e Pecuária , Esplanada dos Ministérios, Bloco D, Anexo B, Brasília/DF, CEP: 70.043-900